Effect of nitrogen fertilization on the dry matter nitrogen accumulation and amino acid content of wheat

Bibliographic Details
Main Authors: Berecz, Katalin (Author), Ragasits, István (Author)
Format: Article
Language:Slovak
PhysicalDescription:Obr. 1. Tb. 7. Res. slov., rus., lit. 17 zázn. v maď., nem., angl.
Subjects:

MARC

LEADER 00000nab a2200000 a 4500
001 vtls000396328
003 SK-MaSNL
005 20260318133041.0
008 230131c1990 xo 0 slo
015 |a SNBRB19rr/mm-uuuuu 
035 |a CL0396452 
035 |a urn:nbn:sk:snk-ab1l5v 
035 |a (urnnbn)urn:nbn:sk:snk:ar-004d2w 
035 |a (uuid)45bcdbea-6179-4f6b-b310-21cb3db13fca 
040 |a SNKBUCL  |b slo  |c SNKBUCL  |e AACR2 
041 0 |a slo 
044 |a xo  |c SK 
080 |a 633.11:547.466+547.96:631.844  |2 1981 
080 |a 547.466  |2 1981 
080 |a 547.96  |2 1981 
080 |a 631.844  |2 1981 
080 |a 631.84  |2 1981 
080 |a 633.11  |2 1981 
100 1 |a Berecz, Katalin  |4 aut  |9 1234320 
245 1 0 |a Effect of nitrogen fertilization on the dry matter nitrogen accumulation and amino acid content of wheat  |c Katalin Berecz, István Ragasits 
300 |b Obr. 1. Tb. 7. Res. slov., rus., lit. 17 zázn. v maď., nem., angl. 
650 0 7 |a ozimná pšenica  |2 snkbucl  |9 28625 
650 0 7 |a dusíkaté hnojivá  |2 snkbucl  |9 17141 
655 7 |a články z novín a časopisov  |2 snkbucl  |9 267496 
700 1 |a Ragasits, István  |4 aut  |9 788074 
773 0 |t Poľnohospodárstvo  |g Roč. 36, č. 6 (1990), s. 489-499 
850 |a Slovenská národná knižnica v Martine  |a MTA001 
852 |a SNK  |b KIS3GCP 
954 |a odborná, vedecká literatúra pôvodná (slovenská)  |2 lita 
958 |a NB 
958 |a RK 
958 |a OND 
958 |a EUIPO 
958 |a article27 
992 |a RBX 
999 |c 2180010  |d 2181940